| 000 | 01463nam0a2200313 i 4500 | ||
|---|---|---|---|
| 001 | RU\NLR\BIBL_A\011188183 | ||
| 005 | 20260405125025.0 | ||
| 010 |
_a9785769647666 _95000 |
||
| 021 |
_aRU _b2016-56363 _93576 |
||
| 035 | _a(NILC)RuMoRGB-008549942 | ||
| 035 | _a(NLR Aleph) 011188183 | ||
| 090 |
_a11853503 _c11853503 |
||
| 100 | _a20160804d2016 m y0rusy50 ca | ||
| 101 | 0 | _arus | |
| 102 | _aRU | ||
| 105 | _aabc z 000yy | ||
| 200 | 1 |
_aЯкутия _eиллюстрированный путеводитель _eтурмаршруты, турбазы, гостиницы, музеи, исторические места, достопримечательности, памятники природы, легенды и мифы, карты, контакты _f[сост.: Макарова Вера Николаевна и др.] |
|
| 210 |
_aЯкутск _cБичик _d2016 |
||
| 215 |
_a157, [3] с. _cцв. ил. _d20 |
||
| 225 | 1 | _aОткрой для себя страну неизведанных тайн | |
| 607 |
_aСаха (Якутия), Республика _jПутеводители _92081256 _3RU\NLR\AUTH\661257233 |
||
| 675 | _a913 | ||
| 686 | 1 | _aД890(2Р54-6Я)я23 | |
| 702 | 1 |
_4220 _8rus _7ca _aМакарова _bВ. Н. _cканд. ист. наук _f1958- _gВера Николаевна _3RU\NLR\AUTH\7750382 _933317 |
|
| 801 | 0 |
_aRU _bРГБ _c20160715 _gRCR |
|
| 942 | _cBOOK | ||
| 980 | _aNBR | ||